Guess the right musical for each set of lyrics - Statistics

General Stats
  • This quiz has been taken 49 times
  • The average score is 18 of 25
Answer Stats
Question Answer % Correct
“I’m the damn fool that shot him.” “Just you wait.” “Yo,yo,yo. What time is it?” Hamilton
94%
“Can I say something crazy?” “My soul is spiralling in frozen fractals all around.” “We’ll make the sun shine bright.” Frozen
88%
“Well who made her captain?” “I’m a dead girl walking.” “I spit lightning. Crack, boom!” Heathers
88%
“All of your followers are blind.” “A jaded mandarin.” “Why I should die?” Jesus Christ Superstar
88%
“Enjoy your temporary win.” “They’re shiny, fake and hard.” “She gets everything.” Mean Girls
88%
“I wanna be where the people are.” “Poor souls with no one else to turn to.” “Up on the shore they work all day.” The Little Mermaid
88%
“ I hate to leave, I have to go.” “I was given those beans.” “Mother said straight ahead.” Into the Woods
82%
“If there ever was a perfect couple, this one qualifies.” “This guy’s not gay, I say not gay.” “Pretty impressive, good to know.” Legally Blonde
82%
“Sing once again with me, our strange duet.” “We never said our love was evergreen.” “Darkness stirs and wakes imagination.” Phantom of the Opera
82%
“So if you care to find me, look to the Western sky.” “I’ll teach you the proper poise, when you talk to boys.” “I don’t even know what I’m reading.” Wicked
82%
“All that time, never even knowing just how blind I’ve been.” “I’ll add a few new paintings to my gallery.” “It’s a scary world out there.” Tangled
76%
“She’s imperfect, but she’s kind.” “I hope you drank enough this morning.” “I can fix this.” Waitress
76%
“I don’t know your name.” “There’s no home without you in it.” “I need a little help here.” Beetlejuice
71%
“Come on babe, why don’t we paint the town?” “The name on everybody’s lips is gonna be..” “How could you tell me that I was wrong?” Chicago
71%
“That kids like me, should be against the law.” “And that’s not right.” “It is too late for you.” Matilda
71%
“You don’t need money when you’re famous.” “Their mistake is they got old.” “Answer the call and don’t delay.” Newsies
71%
“I believe the story books I read.” “Told to go away.” “It’s time to stop the hiding.” Shrek
71%
“Don’t really care, as long as they’re mine.” “Clears away the cobwebs and the sorrow, till there’s none.” “It’s what you wear from ear to ear, and not from head to toe, that matters.” Annie
65%
“I just wanna dance with you.” “And look what happened to me.” “I won’t stay hidden anymore” The Prom
65%
“And I pity, any girl who isn’t me tonight.” “The trouble is he’s grown.” “She’s like a millionaire.” West Side Story
65%
“I’ve learned to slam on the brake, before I even turn the key.” “The morning is breaking and all is new.” “Just try to take deep breathes and go on walks.” Dear Evan Hansen
59%
“God I dreamed there was an Angel, who could hear me through the wall.” “No way to handle the things, who made me so bad.” “Not an inch more room, to self destruct.” Spring Awakening
59%
“I simply gotta march, my heart’s a drummer!” “Life is far from sunny.” “When you’re gifted, then you’re gifted.” Funny Girl
53%
“Test right off the chart.” “I have so much to say.” “There’s been one solution, since the world began.” School of Rock
53%
“Citing, mystic and exotic.” “So why do I feel I don’t fit in anywhere I go?” “His face was far from fine.” Pippin
47%
No matching quizzes found
Score Distribution
Percent of People with Each Score
Percentile by Number Answered
Your Score History
You have not taken this quiz